000 00918cam a2200277 i 4500
001 3189977
003 ARRUPE
005 20160309090451.0
008 770126s1976 fr b 000 0 fre
010 _a 76488726
015 _aF76-12523
020 _a2218019116 :
_c6.00F
040 _aDLC
_cDLC
_dDLC
050 0 0 _aPQ2607.E834
_bZ80
082 0 0 _a843/.9/12
100 1 _aLalande, Bernard,
_d1910-
_922837
245 1 0 _a"Voyage au bout de la nuit", Céline :
_banalyse critique /
_cpar Bernard Lalande, ....
260 _aParis :
_bHatier,
_c1976.
300 _a79 p. ;
_c18 cm.
490 0 _aProfil d'une œuvre ; 53
504 _aBibliography: p. 77-78.
600 1 0 _aCéline, Louis-Ferdinand,
_d1894-1961.
_tVoyage au bout de la nuit.
_922838
600 1 0 _aDestouches, Louis Ferdinand
_tVoyage au bout de la nuit.
_922839
906 _a7
_bcbc
_corignew
_du
_encip
_f19
_gy-gencatlg
942 _2lcc
_cMONOGRAPH
999 _c124342
_d124342